Countries that speak Russian, German, or Persian - Statistics

General Stats
  • This quiz has been taken 381 times
  • The average score is 11 of 13
Answer Stats
Hint Answer % Correct
Where Persian is from Iran
98%
Where German is from Germany
96%
Where Russian is from Russia
96%
Not small country ending with stan Kazakhstan
91%
Small country ending with stan Tajikistan
89%
Small country ending with stan Kyrgyzstan
87%
Pashto is the other official language Afghanistan
86%
Has 4 official languages Switzerland
83%
Little German guy Austria
78%
White... Belarus
76%
Super little German guy Liechtenstein
76%
Ruled by a duke Luxembourg
75%
Little Dutch guy Belgium
74%
No matching quizzes found
Score Distribution
Percent of People with Each Score
Percentile by Number Answered
Your Score History
You have not taken this quiz